Logo BPK

Biblioteka

Politechniki Koszalińskiej

Beta - spektografy s postojannymi magnitami / (Rekord nr 13485)

Szczegóły MARC
000 -ETYKIETA REKORDU
podpole kontrolne o stałej długości 00416nam a2200157 i 4500
001 - NUMER KONTROLNY REKORDU
pole kontrolne bg
040 ## - ŹRÓDŁO KATALOGOWANIA
Instytucja, która utworzyła rekord BPK
041 ## - KOD JĘZYKA
Kod języka tekstu pol
008 - POLE O STAŁEJ DŁUGOŚCI - DANE KONTROLNE
podpole kontrolne o stałej długości s pl f |000 0 pol
100 1# - NAZWA OSOBOWA
Nazwa osobowa ABDURAZAKOV, A. A.
245 #0 - TYTUŁ/ODPOWIEDZIALNOŚĆ
Tytuł Beta - spektografy s postojannymi magnitami /
Pozostałe elementy strefy tytułu i oznaczenia odpowiedzialności A.A. Abdurazakov, K.J. Gromov, G.J. Umarov.
260 ## - STREFA ADRESU WYDAWNICZEGO
Miejsce wydania Taskent,
Data publikacji, dystrybucji/powstania dokumentu 1970.
700 1# - HASŁO DODATKOWE - NAZWA OSOBOWA
Nazwa osobowa GROMOV, K. J.
700 1# - HASŁO DODATKOWE - NAZWA OSOBOWA
Nazwa osobowa UMAROV, G. J.
856 ## - LOKALIZACJA I DOSTĘP DO ELEKTRONICZNYCH DOKUMENTÓW ZDALNYCH
Link (URL) http://koha.tu.koszalin.pl/cgi-bin/koha/opac-detail.pl?biblionumber=13485
Tekst linku Katalog online BPK
942 ## - DODATKOWE ELEMENTY (KOHA)
Typ dokumentu Książka
Egzemplarze
Wycofany Status egzemplarza Uszkodzony Dostępność Lokalizacja stała Lokalizacja bieżąca Miejsce przechowywania Sygnatura Kod kreskowy Typ dokumentu
      Dostępny Biblioteka Politechniki Koszalińskiej Biblioteka Politechniki Koszalińskiej Wypożyczalnia BG 10620 01751895 Książka
© 2023 Biblioteka Politechniki Koszalińskiej :: KOHA